Excerpta ex libro cui titulus homo Apostolicus instructus in sua vocatione ad audiendas confessiones

Detalles Bibliográficos
Autor principal: LIGORIO, A. M. de
Formato: Libro
Publicado: México 1843
Materias:
Colección:Banco de datos
Acervo:Biblioteca del Museo Regional de Querétaro. INAH. Querétaro
Tema general:Pastoral
Notas:Buena. 3H6, 2. Ex libris de Juan Nepomuceno Camacho
LEADER 00730nam a22001930004500
035 |a 27356 
036 |a 1065 
100 1 |a LIGORIO, A. M. de 
245 1 0 |a Excerpta ex libro cui titulus homo Apostolicus instructus in sua vocatione ad audiendas confessiones 
260 |a México  |b Ignacio Cumplido  |c 1843 
500 |a Buena. 3H6, 2. Ex libris de Juan Nepomuceno Camacho 
650 1 0 |a Pastoral 
949 |a C.R.Q. 
959 |a Ex convento Grande de San Francisco de la ciudad de Querétaro, Museo Regional de Querétaro  |b CCC2 
960 |a Colección General, Querétaro  |b DD80 
961 |a Varias Ordenes Religiosas  |b VO 
942 |c C.R.Q. 
943 |g Biblioteca del Museo Regional de Querétaro. INAH. Querétaro 
999 |c 983672  |d 983672